[Event "Canada vs. USA"]
[Site "CCCA"]
[Date "2014.01.17"]
[Round "1"]
[White "Ugulini, Michael"]
[Black "Baer, Steve"]
[Result "0-1"]
[WhiteElo "1511"]
[BlackElo "1481"]
[EventDate "2014.01.17"]
[Board "35"]
[WhiteTeam "Canada"]
[BlackTeam "U.S.A."]

1.e4 e5 2.Nf3 Nc6 3.Bd3 Nf6 4.Nc3 Bc5 5.O-O d6 6.Qe2 O-O 7.b3 Bg4 8.h3 Nd4
9.Qd1 Nxf3+ 10.Kh1 Nh5 11.gxf3 Qh4 12.Re1 Qxf2 13.Re3 Ng3# 0-1

[Event "Canada vs. USA"]
[Site "CCCA"]
[Date "2014.01.17"]
[Round "2"]
[White "Parmet, Daniel"]
[Black "Humphreys, Stephen"]
[Result "1-0"]
[WhiteElo "2375"]
[BlackElo "2370"]
[EventDate "2014.01.17"]
[Board "2"]
[WhiteTeam "U.S.A."]
[BlackTeam "Canada"]

1.d4 Nf6 2.c4 g6 3.Nc3 Bg7 4.e4 d6 5.Nf3 O-O 6.Be2 e5 7.O-O Nbd7 8.Be3 Re8
9.d5 Nh5 10.g3 Bf8 11.Ne1 Ng7 12.Nd3 f5 13.f3 Be7 14.Qd2 Nf6 15.c5 fxe4 
16.fxe4 Bh3 17.Rf3 Bg4 18.Rf2 Ngh5 19.c6 b6 20.a4 a6 21.Qd1 Qc8 22.Bd2 Ng7
23.Bxg4 Qxg4 24.Qxg4 Nxg4 25.Rf3 Rf8 26.Rxf8+ Bxf8 27.h3 Nf6 28.a5 b5 29.
g4 Nge8 30.g5 Nh5 31.Rf1 Neg7 32.Kg2 1-0

[Event "Canada vs. USA"]
[Site "CCCA"]
[Date "2014.01.17"]
[Round "1"]
[White "Humphreys, Stephen"]
[Black "Parmet, Daniel"]
[Result "1/2-1/2"]
[WhiteElo "2370"]
[BlackElo "2375"]
[EventDate "2014.01.17"]
[Board "2"]
[WhiteTeam "Canada"]
[BlackTeam "U.S.A."]

1.c4 Nf6 2.Nc3 g6 3.g3 Bg7 4.Bg2 O-O 5.Nf3 d6 6.O-O e5 7.d3 Nc6 8.Rb1 a5 
9.a3 h6 10.b4 axb4 11.axb4 Re8 12.Nd2 Ne7 13.b5 c6 14.Bb2 d5 15.Qc2 Nf5 
16.bxc6 bxc6 17.Na4 dxc4 18.Nxc4 Ra7 19.Nab6 Nd4 20.Bxd4 Qxd4 21.Bxc6 Rd8 
22.Bg2 Be6 23.Rfd1 Rb8 24.Nd5 Rxb1 25.Nxf6+ Bxf6 26.Qxb1 Kg7 27.e3 Qc5 28.
h4 Rc7 29.Qb6 Qxb6 30.Nxb6 Rc5 31.Rb1 1/2-1/2

[Event "Canada vs. USA"]
[Site "CCCA"]
[Date "2014.01.17"]
[Round "2"]
[White "Merrell, William S."]
[Black "Douziech, Richard"]
[Result "1/2-1/2"]
[WhiteElo "2227"]
[BlackElo "2252"]
[EventDate "2014.01.17"]
[Board "9"]
[WhiteTeam "U.S.A."]
[BlackTeam "Canada"]

1.d4 d5 2.c4 c6 3.Nf3 Nf6 4.Nc3 e6 5.e3 Nbd7 6.Qc2 Bd6 7.b3 O-O 8.Be2 e5 
9.cxd5 Nxd5 10.Nxd5 cxd5 11.dxe5 Nxe5 12.Bb2 Bb4+ 13.Kf1 Nxf3 14.Bxf3 Be6 
15.Qd3 Be7 16.Ke2 Bf6 17.Bd4 Bxd4 18.Qxd4 Qd6 19.g3 Rac8 20.Rhd1 Qa6+ 21.
Qd3 Rc2+ 22.Rd2 Rxd2+ 23.Kxd2 Qa5+ 24.Qc3 Qa6 25.Be2 Qb6 26.Qd4 Qa5+ 27.b4
Qa3 1/2-1/2

[Event "Canada vs. USA"]
[Site "CCCA"]
[Date "2014.01.17"]
[Round "1"]
[White "Douziech, Richard"]
[Black "Merrell, William S."]
[Result "1/2-1/2"]
[WhiteElo "2252"]
[BlackElo "2227"]
[EventDate "2014.01.17"]
[Board "9"]
[WhiteTeam "Canada"]
[BlackTeam "U.S.A."]

1.d4 d5 2.c4 c6 3.Nf3 Nf6 4.Nc3 e6 5.e3 Nbd7 6.Bd3 dxc4 7.Bxc4 b5 8.Bd3 
Bb7 9.e4 b4 10.Na4 c5 11.e5 Nd5 12.Nxc5 Nxc5 13.dxc5 Bxc5 14.O-O h6 15.Nd2
Qc7 16.Ne4 Be7 17.Qg4 Qxe5 18.Re1 O-O-O 19.Qe2 f5 20.Nd2 Qxe2 21.Bxe2 Nf4 
22.Bf1 Nd3 23.Bxd3 Rxd3 24.Nc4 Rhd8 25.Be3 Kb8 26.Rac1 g5 27.Ne5 R3d5 28.
f4 gxf4 29.Bxf4 Bd6 30.g3 Ka8 31.Rc2 Rg8 32.Kf2 Bc5+ 33.Kf1 h5 34.Nc4 Rd4 
35.Be3 Rxc4 36.Rxc4 Bxe3 37.Rxe3 Ba6 38.b3 Bxc4+ 39.bxc4 Rc8 40.Rxe6 Rxc4 
41.Rf6 Rc5 42.Ke2 a5 43.Kd2 Kb7 44.h4 a4 45.Rd6 Kc7 46.Rd4 Rb5 47.Kc2 Kc6 
48.Kb2 Kc5 49.Rf4 Kd6 50.a3 bxa3+ 51.Kxa3 Ra5 1/2-1/2

[Event "Canada vs. USA"]
[Site "CCCA"]
[Date "2014.01.17"]
[Round "2"]
[White "Merrow, Charles"]
[Black "Sibbald, Peter"]
[Result "1/2-1/2"]
[WhiteElo "2140"]
[BlackElo "2107"]
[EventDate "2014.01.17"]
[Board "11"]
[WhiteTeam "U.S.A."]
[BlackTeam "Canada"]

1.e4 e6 2.d4 d5 3.e5 c5 4.c3 Nc6 5.Nf3 Qb6 6.a3 Bd7 7.b4 cxd4 8.cxd4 Rc8 
9.Bb2 Nge7 10.Nc3 Na5 11.Nd2 Nc4 12.Bxc4 dxc4 13.O-O Nd5 14.Nde4 Bc6 15.
Qg4 h5 16.Nd6+ Bxd6 17.Qxg7 Kd7 18.exd6 Rcf8 19.g3 Nxc3 20.Bxc3 Bd5 21.b5 
Qd8 22.Bd2 Rhg8 23.Qh6 Rg6 24.Qf4 Rg4 25.Qe5 h4 26.Bf4 Rh8 27.a4 f6 28.Qe3
Qg8 29.Ra2 hxg3 30.fxg3 Qh7 31.Re1 Rc8 32.Rc1 Qh3 33.a5 Rg7 34.Re2 Rh8 35.
Rcc2 Rc8 36.Re1 Rh8 37.Rf2 Rg4 38.Rc1 Rgg8 39.Rc3 Qh7 40.Rb2 Qh5 41.Rc1 
1/2-1/2

[Event "Canada vs. USA"]
[Site "CCCA"]
[Date "2014.01.17"]
[Round "1"]
[White "Sibbald, Peter"]
[Black "Merrow, Charles"]
[Result "1/2-1/2"]
[WhiteElo "2107"]
[BlackElo "2140"]
[EventDate "2014.01.17"]
[Board "11"]
[WhiteTeam "Canada"]
[BlackTeam "U.S.A."]

1.d4 Nf6 2.c4 e6 3.Nc3 Bb4 4.Qc2 O-O 5.e4 d5 6.e5 Ne4 7.Bd3 c5 8.Ne2 Nc6 
9.O-O cxd4 10.cxd5 exd5 11.Nxd5 Qxd5 12.Bxe4 Qxe5 13.a3 Ba5 14.Bxh7+ Kh8 
15.Bd3 Bd7 16.Bf4 Qf6 17.Qb3 Bb6 18.Qb5 Kg8 19.Qd5 Bg4 20.Qe4 g6 21.Bg3 
Qe6 22.Nf4 Qxe4 23.Bxe4 g5 24.Nd5 Be2 25.Nxb6 axb6 26.Rfe1 d3 27.f3 f5 28.
Bd5+ Kh7 29.Bf2 Rfe8 30.Bc4 Na5 31.Bb5 Nb3 32.Rad1 Bxd1 33.Rxd1 d2 34.Bxe8
Rxe8 35.Kf1 b5 36.h4 Kg6 37.hxg5 Kxg5 38.Bb6 f4 39.Bc7 Re6 40.Kf2 Kf5 41.
g4+ fxg3+ 42.Bxg3 b6 43.Bb8 Rc6 44.Ke2 Rc2 1/2-1/2

[Event "Canada vs. USA"]
[Site "CCCA"]
[Date "2014.01.17"]
[Round "2"]
[White "Smith, Madge"]
[Black "Ugulini, Michael"]
[Result "1-0"]
[WhiteElo "1549"]
[BlackElo "1511"]
[EventDate "2014.01.17"]
[Board "34"]
[WhiteTeam "U.S.A."]
[BlackTeam "Canada"]

1.e4 e5 2.Nc3 Nf6 3.d3 Be7 4.Nf3 Nc6 5.Be2 h6 6.O-O d6 7.d4 b6 8.Be3 a6 9.
Nd5 Bg4 10.Nxf6+ Bxf6 11.d5 Ne7 12.Nd2 Bxe2 13.Qxe2 O-O 14.Qg4 b5 15.Bxh6 
Ng6 16.Be3 c5 17.dxc6 Qc7 18.Nf3 Qxc6 19.Bg5 Qxc2 20.Bxf6 gxf6 21.Nh4 Kg7 
22.Nf5+ Kg8 23.h3 Rfd8 24.Ne7+ Kf8 25.Nxg6+ fxg6 26.Qxg6 Ke7 27.Rac1 Qxb2 
28.Rc7+ Rd7 29.Qg7+ Ke6 30.Qxd7# 1-0

[Event "Canada vs. USA"]
[Site "CCCA"]
[Date "2014.01.17"]
[Round "1"]
[White "Ugulini, Michael"]
[Black "Smith, Madge"]
[Result "0-1"]
[WhiteElo "1511"]
[BlackElo "1549"]
[EventDate "2014.01.17"]
[Board "34"]
[WhiteTeam "Canada"]
[BlackTeam "U.S.A."]

1.e4 e5 2.Nf3 c6 3.Nxe5 Qe7 4.f4 d6 5.Nd3 Qxe4+ 6.Qe2 Qxe2+ 7.Bxe2 Nf6 8.
Nc3 Be7 9.b4 O-O 10.Ba3 Nbd7 11.Bf3 Rb8 12.O-O-O Re8 13.Nf2 d5 14.d3 b6 
15.g4 a5 16.Na4 axb4 17.Bb2 Bb7 18.g5 b5 19.Nb6 Bc5 20.Nxd7 Nxd7 21.Nh3 
Be3+ 22.Kb1 d4 23.Be4 c5 24.g6 fxg6 25.Bxb7 Rxb7 26.Ng5 h6 27.Nh3 Kh7 28.
Rhe1 Nf6 29.Bc1 Nd5 30.Bb2 Ra8 31.a3 bxa3 0-1

[Event "Canada vs. USA"]
[Site "CCCA"]
[Date "2014.01.17"]
[Round "2"]
[White "Rice, Russell J."]
[Black "Selby, Robin"]
[Result "1-0"]
[WhiteElo "1408"]
[BlackElo "1360"]
[EventDate "2014.01.17"]
[Board "36"]
[WhiteTeam "U.S.A."]
[BlackTeam "Canada"]

1.d4 d5 2.c4 Nf6 3.Nc3 dxc4 4.Bg5 g6 5.e3 Bg7 6.Bxc4 O-O 7.Nf3 a6 8.a4 Nc6
9.O-O Re8 10.Bxf6 Bxf6 11.Ne4 Bg7 12.Nfg5 b6 13.Qf3 Bb7 14.Bxf7+ Kh8 15.
Bxe8 Qxe8 16.Qf7 Qxf7 17.Nxf7+ Kg8 18.Nfg5 Rf8 19.Ne6 Rc8 20.Nxg7 Kxg7 21.
Nc3 Nd8 22.f4 Nf7 23.e4 c6 24.e5 a5 25.h4 Rd8 26.Rad1 Nh6 27.Ne2 c5 28.
dxc5 Rxd1 29.Rxd1 Ng4 30.Rd7 Be4 31.Rxe7+ Kh6 32.cxb6 Ne3 33.b7 Bxb7 34.
Rxb7 Nd5 35.Rb5 Ne3 36.e6 Nf5 37.Rxa5 Kg7 38.Ra7+ Kh6 39.e7 Nd6 40.Rd7 Ne8
41.Rd8 1-0

[Event "Canada vs. USA"]
[Site "CCCA"]
[Date "2014.01.17"]
[Round "1"]
[White "Selby, Robin"]
[Black "Rice, Russell J."]
[Result "0-1"]
[WhiteElo "1360"]
[BlackElo "1408"]
[EventDate "2014.01.17"]
[Board "36"]
[WhiteTeam "Canada"]
[BlackTeam "U.S.A."]

1.d4 d5 2.Nc3 Nf6 3.Nf3 Bf5 4.Bf4 a6 5.g3 Nc6 6.Bg2 Nb4 7.a3 Nxc2+ 8.Kf1 
Nxa1 9.Qxa1 e6 10.Na4 Bd6 11.Bxd6 Qxd6 12.Qc1 O-O 13.Qc5 Qxc5 14.Nxc5 b6 
15.Nb3 Bc2 16.Na1 Bd1 17.Ke1 Ba4 18.b3 Bd7 19.Nc2 c5 20.Ne3 Rac8 21.h4 h6 
22.g4 cxd4 23.Nd1 Nxg4 24.Bh3 Nf6 25.Rg1 Ne4 26.Nxd4 Rc1 27.b4 Ba4 28.f3 
Rxd1# 0-1